| 000 | 00649nam a2200217 a 4500 | ||
|---|---|---|---|
| 008 | |||
| 020 | _a9781405018906 (pbk.) | ||
| 049 | _aMAIN | ||
| 090 |
_aRA967 _bSOH |
||
| 245 | 1 | 0 |
_aManaging a health facility : _ba handbook for committee members and facility staff / _cSalim B. Sohani... [et al.]. |
| 260 |
_aKenya : _bMacmillan, _c2007. |
||
| 300 | _a2nd ed. | ||
| 300 |
_aix, 117 p. : _bill. ; _c24cm. |
||
| 650 | 1 | _aHealth facility. | |
| 700 | _aSohani, Salim B. | ||
| 907 |
_a.b10291933 _b08-08-13 _c22-02-11 |
||
| 003 | |||
| 005 | 20230123125134.0 | ||
| 040 | _cNUST | ||
| 942 |
_cBOOKS _kRA967 _mSOH |
||
| 999 |
_c136387 _d136387 |
||